000 00861nam a22002897i 4500
003 DO-SdBNP
005 20250529103648.0
007 ta
008 250529b2024 |||||||| |||| 00| 0 spa d
020 _a9789945639445
040 _aDO-SdBNP
_bspa
_cBNPHU
_erda
041 _hspa
082 _aRD861.44
_bM843p
_222
100 1 _aMoreno Jimenes, Domingo
_eautor
_931950
245 0 3 _aEl poema de la hija reintegrada y otros versos /
_cDomingo Moreno Jimenes
264 _aSanto Domingo :
_bBúho,
_c2024.
300 _a134 páginas ;
_c24 cm
336 _ardacontent
_btexto
_2txt
337 _ardamedia
_bsin mediación
_2n
338 _ardacarrier
_bvolumen
_2nc
490 _aClásicos dominicanos ;
_v3, poesía
590 _aInventariado, 2025/DG
650 4 _aPoesía dominicana
650 4 _aLiteratura dominicana
910 _aDG
942 _2ddc
_cLBS1
999 _c58513
_d58513